000 00483nam a22001697a 4500
999 _c4150
_d4150
003 GBCCL
005 20241126110511.0
008 180115b xxu||||| |||| 00| 0 eng d
040 _cgbc
082 _aVER 222.1307
_bKHA
100 _aKhamkam, G
_97297
245 _aLevitikas, Siamputnabu Suina /
_cG. Khamkam
260 _aChurachandpur:
_bEvangelical Convention Church
300 _a177 p.;
_c18 cm.
650 _aBible
_vOld Testament
_vLevitikas
_xCommentary
_97915
942 _2ddc
_cBK